| 000 | 00369nam a22001457a 4500 | ||
|---|---|---|---|
| 020 | _a9789380578590 | ||
| 082 |
_a540.0162 _bGAD/EN |
||
| 100 |
_aGadag R.V. _91311 |
||
| 100 |
_aShetty,Nityanada _91312 |
||
| 245 | _aEngineering Chemistry. | ||
| 250 | _a2 nd | ||
| 260 |
_aNew Delhi _bI.K. International Publishing House Pvt. Ltd. _c2010 |
||
| 300 | _a307 | ||
| 942 | _cBBS | ||
| 999 |
_c14743 _d14743 |
||